KOVILANTE LEKHANANGAL (Record no. 18198)

MARC details
000 -LEADER
fixed length control field 00341nam a2200133Ia 4500
005 - DATE AND TIME OF LATEST TRANSACTION
control field 20250409181356.0
008 - FIXED-LENGTH DATA ELEMENTS--GENERAL INFORMATION
fixed length control field 250409s9999||||xx |||||||||||||| ||und||
020 ## - INTERNATIONAL STANDARD BOOK NUMBER
International Standard Book Number 81-8264-265-5
100 ## - MAIN ENTRY--PERSONAL NAME
Personal name KOVILAN,
245 #0 - TITLE STATEMENT
Title KOVILANTE LEKHANANGAL
260 ## - PUBLICATION, DISTRIBUTION, ETC.
Name of publisher, distributor, etc. MATHRUBHUMI PRINTING & PUB CO,
Place of publication, distribution, etc. CALICUT:
650 ## - SUBJECT ADDED ENTRY--TOPICAL TERM
Form subdivision Malayalam Essays
942 ## - ADDED ENTRY ELEMENTS (KOHA)
Koha item type BOOK
Holdings
Withdrawn status Lost status Damaged status Not for loan Collection Home library Current library Shelving location Date acquired Total checkouts Full call number Barcode Date last seen Price effective from Koha item type
        Malayalam Essays St.Dominics College Library St.Dominics College Library Malayalam Literature 04/09/2025   894.8124 KOV 27300 04/09/2025 04/09/2025 BOOK